000 00291nam a2200121Ia 4500
008 190216s9999||||xx |||||||||||||| ||und||
100 _aStonier A W & Hague Dc
245 0 _aText Book Of Economic Theory
260 _bLongmans
_c1976
300 _a680p
650 _aEconomics
942 _cBK
999 _c9664
_d9664